000
00442nam a2200133Ia 4500
008
100328s9999 xx 000 0 und d
082
_b
66141
100
_a
हुद्यार मधुकर - अनु. (जेम्स हॅडली चेज).
245
_a
फ्रोझन डेथ.
260
_b
नंदादीप.
630
_a
फ्रोझन डेथ.
730
_a
फ्रोझन डेथ.
942
_c
BOOK
999
_c
551886
_d
551883